00298nam a2200121Ia 45000030006000000080041000060400015000471000022000622450054000842600009001385460012001470050017001590STCL150530s9999 xx 000 0 und d aSTCLcSTCL aHolmes and Lehman aKeys to understanding receiving and sending Drama c1970 aEnglish20220125171355.0